Those were the days, my friend : (Record no. 143222)

MARC details
000 -LEADER
fixed length control field 00605nam a22001817a 4500
005 - DATE AND TIME OF LATEST TRANSACTION
control field 20230413101859.0
010 ## - LCCN (DPL NO)
LC control number ENG-119617
020 ## - INTERNATIONAL STANDARD BOOK NUMBER
International Standard Book Number 9789386288240
Terms of availability 600.00
035 ## - SYSTEM CONTROL NUMBER
System control number EN-103149
037 ## - SOURCE OF ACQUISITION
Source of stock number/acquisition DBAD/PUB
082 ## - DEWEY DECIMAL CLASSIFICATION NUMBER
Classification number 352.63092
100 ## - MAIN ENTRY--PERSONAL NAME
Personal name Ghosh, Samir Kumar
245 ## - TITLE STATEMENT
Title Those were the days, my friend :
Statement of responsibility, etc By Samir Kumar Ghosh
Remainder of title Reminiscences of a civil servant/
260 ## - PUBLICATION, DISTRIBUTION, ETC. (IMPRINT)
Place of publication, distribution, etc New Delhi
Name of publisher, distributor, etc KW Publishers
Date of publication, distribution, etc 2017
270 ## - ADDRESS
Address 4672/21, First Floor, Ansari Road, Darya Ganj
City New Delhi
Postal code 110002
300 ## - PHYSICAL DESCRIPTION
Extent xxix,125p. :
Dimensions 23cm (pbk)
Other physical details ill.
942 ## - ADDED ENTRY ELEMENTS (KOHA)
Source of classification or shelving scheme Dewey Decimal Classification
Item type English Books
Classification part 352.63092
Call number suffix GHO
Holdings
Withdrawn status Lost status Not for loan Collection code Home library Current library Date acquired Source of acquisition Cost, normal purchase price Full call number Barcode Copy number Cost, replacement price Koha item type
      Non-fiction Central Jail Tihar Central Jail Tihar 10/08/2017 DBAD/PUB 600.00 352.63092 GHO EN-103149 1 600.00 English Books

© Delhi Public Library
Hit Counter
free hit counter